01562nam a2200385 a 4500001001200000003000800012006001900020007001500039008004100054010001700095020003100112020002800143020003800171020003500209040002100244035002100265043001200286050002500298082001900323100001900342245015400361260005500515300002200570504005100592533015200643650003800795650004100833650004800874655002900922700002800951700003500979710001701014856012601031999001901157ebr10424697CaPaEBRm u cr cn|||||||||080221s2008 miua sb s001 0 eng  z 2008007854 z9780472114412 (alk. paper) z0472114417 (alk. paper) z9780472033065 (pbk. : alk. paper) z0472033069 (pbk. : alk. paper) aCaPaEBRcCaPaEBR a(OCoLC)671654179 an-us---14aQ127.U6bN398 2008eb04a338.973/062221 aNeal, Homer A.10aBeyond Sputnikh[electronic resource] :bU.S. science policy in the twenty-first century /cHomer A. Neal, Tobin L. Smith, and Jennifer B. McCormick. aAnn Arbor :bUniversity of Michigan Press,cc2008. ax, 386 p. :bill. aIncludes bibliographical references and index. aElectronic reproduction.bPalo Alto, Calif. :cebrary,d2013.nAvailable via World Wide Web.nAccess may be limited to ebrary affiliated libraries. 0aScience and statezUnited States. 0aTechnology and statezUnited States. 0aResearchxGovernment policyzUnited States. 7aElectronic books.2local1 aSmith, Tobin L.,d1969-1 aMcCormick, Jennifer B.,d1966-2 aebrary, Inc.40uhttp://site.ebrary.com/lib/rucke/Doc?id=10424697zAn electronic book accessible through the World Wide Web; click to view c143543d143543